[Event "CYCC U14"]
[Site "Edmonton CAN"]
[Date "2000.07.05"]
[Round "1"]
[White "Anderson, Ashton"]
[Black "Gushuliak, Justin"]
[Result "1/2-1/2"]
[WhiteElo "1828"]
[BlackElo "2153"]
[PlyCount "83"]
[GameId "2160767911703341"]
[EventDate "2000.07.05"]
[EventType "swiss"]
[EventRounds "7"]
[EventCountry "CAN"]

1. e4 c5 2. Nc3 Nc6 3. g3 g6 4. Bg2 Bg7 5. d3 d6 6. f4 e6 7. Nf3 Nge7 8. O-O O-O 9. Be3 Nd4 10. e5 dxe5 11. fxe5 Nxf3+ 12. Qxf3 Bxe5 13. Bxc5 Bd4+ 14. Bxd4 Qxd4+ 15. Qf2 Nf5 16. Qxd4 Nxd4 17. Rf2 f5 18. Re1 Bd7 19. Nd1 Rab8 20. Ne3 b5 21. c3 Nc6 22. d4 Rfe8 23. Nf1 Na5 24. Nd2 Bc6 25. Nf3 Bd5 26. Ne5 Rbd8 27. Bxd5 exd5 28. Rfe2 Re6 29. Kf2 Rde8 30. Kf3 Kg7 31. Kf4 Nb7 32. Re3 Nd6 33. b3 Rc8 34. Nd7 Ne4 35. Nc5 Nxc5 36. dxc5 Re4+ 37. Rxe4 dxe4 38. b4 Rd8 39. Ke5 Kf7 40. g4 Re8+ 41. Kf4 Kf6 42. g5+ 1/2-1/2

[Event "CYCC U14"]
[Site "Edmonton CAN"]
[Date "2000.07.05"]
[Round "2"]
[White "Gushuliak, Justin"]
[Black "Tolnai, David"]
[Result "1-0"]
[WhiteElo "2153"]
[BlackElo "1514"]
[PlyCount "89"]
[GameId "2160767911703342"]
[EventDate "2000.07.05"]
[EventType "swiss"]
[EventRounds "7"]
[EventCountry "CAN"]

1. e4 e5 2. Nf3 Nc6 3. Bb5 a6 4. Bxc6 dxc6 5. O-O Bg4 6. d3 Nf6 7. h3 Bxf3 8. Qxf3 Bc5 9. Bg5 h6 10. Bh4 Qd6 11. Nd2 b5 12. Rad1 Bb6 13. Rfe1 g5 14. Bg3 Nd7 15. Nf1 Rf8 16. c3 c5 17. Ne3 O-O-O 18. Nd5 Qe6 19. Qf5 Qxf5 20. Ne7+ Kb7 21. Nxf5 h5 22. Re2 h4 23. Bh2 Rh8 24. Kf1 Rde8 25. f3 Nf6 26. Red2 Nh5 27. d4 cxd4 28. cxd4 exd4 29. Nxd4 Ng3+ 30. Bxg3 hxg3 31. Nf5 Bf2 32. Rd7 Kb8 33. Rxf7 Rd8 34. Rfd7 Rxd7 35. Rxd7 Kc8 36. Rg7 Rd8 37. Ke2 c5 38. Rxg5 c4 39. h4 b4 40. Ne3 Kb7 41. Nxc4 Rd4 42. b3 Rd7 43. h5 Rh7 44. f4 Re7 45. e5 1-0

[Event "CYCC U14"]
[Site "Edmonton CAN"]
[Date "2000.07.06"]
[Round "3"]
[White "Gushuliak, Justin"]
[Black "Joshi, Nikhil"]
[Result "1-0"]
[WhiteElo "2153"]
[BlackElo "1651"]
[PlyCount "114"]
[GameId "2160767911703343"]
[EventDate "2000.07.05"]
[EventType "swiss"]
[EventRounds "7"]
[EventCountry "CAN"]

1. e4 c5 2. Nf3 e6 3. c3 d5 4. e5 Nc6 5. d4 Bd7 6. Be2 c4 7. O-O Nge7 8. Nbd2 Nf5 9. b3 b5 10. a4 a6 11. Ba3 Bxa3 12. Rxa3 Na5 13. Qa1 O-O 14. axb5 axb5 15. Qb2 Nc6 16. Rxa8 Qxa8 17. Ra1 Qb8 18. Rb1 Nfe7 19. bxc4 bxc4 20. Qa3 Qa8 21. Ra1 Qxa3 22. Rxa3 Rb8 23. Kf1 h6 24. Ke1 Kf8 25. Kd1 Ke8 26. Kc1 Kd8 27. Bd1 Kc7 28. Nb1 Kb7 29. Ra2 Ra8 30. Rxa8 Kxa8 31. Ba4 Nb8 32. Bxd7 Nxd7 33. Na3 Nc8 34. Ne1 Kb7 35. Nec2 Kb6 36. f4 Na7 37. g4 Nf8 38. Kd2 Ka5 39. Nb4 Kb6 40. f5 Nc8 41. Nac2 Ne7 42. Ne3 g6 43. h4 Kb5 44. h5 g5 45. f6 Ng8 46. Nbxd5 exd5 47. Nf5 Ne6 48. Nd6+ Kc6 49. Nxf7 Kd7 50. Nh8 Nf8 51. Ng6 Ke8 52. Kc2 Kf7 53. Nxf8 Kxf8 54. Kb2 Kf7 55. Ka3 Nxf6 56. exf6 Kxf6 57. Kb4 Ke6 1-0

[Event "CYCC U14"]
[Site "Edmonton CAN"]
[Date "2000.07.06"]
[Round "4"]
[White "Stevens, Christian"]
[Black "Gushuliak, Justin"]
[Result "1/2-1/2"]
[WhiteElo "1905"]
[BlackElo "2153"]
[PlyCount "58"]
[GameId "2160767911703344"]
[EventDate "2000.07.05"]
[EventType "swiss"]
[EventRounds "7"]
[EventCountry "CAN"]

1. Nf3 c5 2. c4 g6 3. Nc3 Bg7 4. g3 b6 5. Bg2 Bb7 6. O-O d6 7. b3 Nd7 8. Bb2 Ngf6 9. e3 O-O 10. d4 Rc8 11. d5 Qc7 12. h3 a6 13. Qd3 e6 14. dxe6 fxe6 15. Ng5 Bxg2 16. Kxg2 Ne5 17. Qe2 Qc6+ 18. e4 Rce8 19. f4 Nf7 20. Nxf7 Rxf7 21. Qd3 Rd7 22. Rad1 Red8 23. Qf3 b5 24. f5 b4 25. fxe6 bxc3 26. Bxc3 Re7 27. Bxf6 Bxf6 28. Qxf6 Qxe4+ 29. Qf3 Qxf3+ 1/2-1/2

[Event "CYCC U14"]
[Site "Edmonton CAN"]
[Date "2000.07.07"]
[Round "5"]
[White "Gushuliak, Justin"]
[Black "Ouellet-Leveille, Bertrand"]
[Result "1-0"]
[WhiteElo "2153"]
[BlackElo "1675"]
[PlyCount "109"]
[GameId "2160767911703345"]
[EventDate "2000.07.05"]
[EventType "swiss"]
[EventRounds "7"]
[EventCountry "CAN"]

1. e4 e5 2. Nf3 Nf6 3. Nxe5 d6 4. Nf3 Nxe4 5. d4 d5 6. Bd3 Bd6 7. O-O O-O 8. Re1 Re8 9. c4 c6 10. h3 h6 11. Nc3 Nxc3 12. bxc3 Be6 13. cxd5 Bxd5 14. Rxe8+ Qxe8 15. Bb2 Qe6 16. Nd2 Qe7 17. c4 Be6 18. Qf3 Bd7 19. Ne4 Na6 20. Rd1 Nb4 21. Bb1 b5 22. cxb5 Rb8 23. Nxd6 Qxd6 24. bxc6 Bxc6 25. Qa3 Qd5 26. f3 a5 27. Be4 Qb5 28. Bc3 Bxe4 29. fxe4 Qc4 30. Qb3 Qc7 31. Be1 Qe7 32. a3 Nc6 33. Qd5 Rc8 34. Rc1 Qe8 35. e5 Ne7 36. Rxc8 Qxc8 37. Qxa5 Qd7 38. Qc5 Nf5 39. Bc3 Qb7 40. d5 Ng3 41. Bb4 Qb8 42. e6 fxe6 43. dxe6 Qf4 44. Qc8+ Kh7 45. Qc2+ Kg8 46. e7 Qe5 47. Qc8+ Kh7 48. e8=Q Ne2+ 49. Kf2 Qg3+ 50. Kxe2 Qxg2+ 51. Kd1 Qf3+ 52. Qe2 Qd5+ 53. Kc1 Qg5+ 54. Kb2 Qf6+ 55. Qc3 1-0

[Event "CYCC U14"]
[Site "Edmonton CAN"]
[Date "2000.07.07"]
[Round "6"]
[White "Wang, Hao Yuan"]
[Black "Gushuliak, Justin"]
[Result "1-0"]
[WhiteElo "2070"]
[BlackElo "2153"]
[PlyCount "115"]
[GameId "2160767911703346"]
[EventDate "2000.07.05"]
[EventType "swiss"]
[EventRounds "7"]
[EventCountry "CAN"]

1. e4 c5 2. Nf3 Nc6 3. d4 cxd4 4. Nxd4 Nf6 5. Nc3 d6 6. Bg5 e6 7. Qd2 a6 8. O-O-O h6 9. Nxc6 bxc6 10. Bf4 d5 11. Qe3 Qa5 12. Be2 Bb4 13. Be5 Bxc3 14. Bxc3 Qxa2 15. Bxf6 gxf6 16. Qc3 Bd7 17. Qxf6 Rf8 18. Rhe1 Rb8 19. b3 Qa3+ 20. Kb1 a5 21. exd5 cxd5 22. Bh5 Qd6 23. Re5 Rc8 24. Rde1 Rc6 25. Rf5 Qe7 26. Qxe7+ Kxe7 27. Rxd5 Ra6 28. Be2 Ra7 29. Bb5 Bxb5 30. Rxb5 Rd8 31. Rbe5 Rd2 32. R5e2 Rad7 33. Kc1 R2d5 34. f4 Ra7 35. Re4 Rad7 36. g3 Rd2 37. R1e2 Rd1+ 38. Kb2 R7d5 39. Kc3 Rf1 40. Re5 Rdd1 41. Rxa5 Rf3+ 42. Kc4 Rc1 43. b4 Kd6 44. Rc5 Ra3 45. Kb5 Rd1 46. Kb6 Ra8 47. Rc6+ Kd7 48. Rc7+ Kd6 49. Re3 Ra6+ 50. Kxa6 Kxc7 51. Rc3+ Kb8 52. Kb6 Rd7 53. Rc6 Rb7+ 54. Kc5 Ka7 55. c4 Rd7 56. b5 Rb7 57. Kd6 h5 58. Rc7 1-0

[Event "CYCC U14"]
[Site "Edmonton CAN"]
[Date "2000.07.07"]
[Round "7"]
[White "Wang, Hao Yuan"]
[Black "Stevens, Christian"]
[Result "1/2-1/2"]
[WhiteElo "2070"]
[BlackElo "1905"]
[PlyCount "85"]
[GameId "2160767911703347"]
[EventDate "2000.07.05"]
[EventType "swiss"]
[EventRounds "7"]
[EventCountry "CAN"]
[SourceTitle "CFC 2000.08"]
[Source "CFC"]
[SourceDate "2000.08.??"]
[SourceVersionDate "2000.08.??"]
[SourceQuality "1"]

1. e4 e6 2. d4 d5 3. Nd2 Nf6 4. e5 Nfd7 5. Bd3 c5 6. c3 Nc6 7. Ne2 cxd4 8. cxd4 f6 9. Nf4 Nxd4 10. Qh5+ Ke7 11. Ng6+ hxg6 12. exf6+ Nxf6 13. Qxh8 Kf7 14. Qh4 e5 15. Nf3 Nxf3+ 16. gxf3 e4 17. fxe4 dxe4 18. Bc4+ Ke8 19. O-O Qd4 20. Bb5+ Kf7 21. Be3 Qb4 22. Be2 Be6 23. b3 Be7 24. Qg3 Rh8 25. h4 Nd5 26. Bg5 Bd6 27. Qg2 Rxh4 28. Rfe1 Rh2 29. Qxh2 Bxh2+ 30. Kxh2 Qd6+ 31. Kg1 Qe5 32. Bh4 e3 33. Bc4 exf2+ 34. Bxf2 Qg5+ 35. Kf1 Bh3+ 36. Ke2 Qe5+ 37. Kf3 Qc3+ 38. Be3 Qf6+ 39. Kg3 Qd6+ 40. Kxh3 Kf8 41. Bxd5 Qxd5 42. Rad1 Qf5+ 43. Kg2 1/2-1/2

[Event "CYCC U16"]
[Site "Edmonton CAN"]
[Date "2000.07.05"]
[Round "2"]
[White "Bachand-Fleurent, Julien"]
[Black "Gottlieb, Jonathan"]
[Result "0-1"]
[WhiteElo "1935"]
[BlackElo "2141"]
[PlyCount "68"]
[GameId "2160767911703348"]
[EventDate "2000.07.05"]
[EventType "swiss"]
[EventRounds "6"]
[EventCountry "CAN"]
[SourceTitle "CFC 2000.08"]
[Source "CFC"]
[SourceDate "2000.08.??"]
[SourceVersionDate "2000.08.??"]
[SourceQuality "1"]

1. e4 c5 2. Nc3 Nc6 3. d3 g6 4. g3 Bg7 5. Bg2 d6 6. Be3 e6 7. Nge2 Nd4 8. Qd2 Ne7 9. O-O O-O 10. f4 Rb8 11. Nd1 Qc7 12. c3 Nxe2+ 13. Qxe2 b5 14. Nf2 b4 15. d4 bxc3 16. bxc3 Qa5 17. Qc2 Ba6 18. Rfd1 Rfd8 19. g4 f5 20. gxf5 exf5 21. e5 dxe5 22. dxe5 Bc4 23. Nd3 Nd5 24. Bxd5+ Rxd5 25. Nf2 Rbd8 26. Rxd5 Rxd5 27. Qb2 Bf8 28. a3 Qc7 29. Rb1 Rd7 30. Qb8 Qc6 31. Qb2 Qf3 32. Re1 Bd5 33. Nd1 Qh1+ 34. Kf2 Qg2# 0-1

[Event "CYCC U16"]
[Site "Edmonton CAN"]
[Date "2000.07.05"]
[Round "2"]
[White "Xia, Yanchong"]
[Black "Krys, Mark"]
[Result "1/2-1/2"]
[WhiteElo "1713"]
[BlackElo "1831"]
[PlyCount "108"]
[GameId "2160767911703350"]
[EventDate "2000.07.05"]
[EventType "swiss"]
[EventRounds "6"]
[EventCountry "CAN"]

1. e4 c5 2. Nf3 Nc6 3. d4 cxd4 4. Nxd4 Nf6 5. Nc3 e5 6. Ndb5 d6 7. Bg5 a6 8. Na3 b5 9. Nd5 Be7 10. Bxf6 Bxf6 11. c3 Bb7 12. Be2 Bg5 13. O-O O-O 14. Nc2 Ne7 15. Nxe7+ Qxe7 16. Bf3 a5 17. a4 Bc6 18. axb5 Bxb5 19. Re1 Rfb8 20. Qd5 Qd7 21. Red1 Be7 22. Ne3 Bc6 23. Qd2 h6 24. Nd5 Bg5 25. Qc2 a4 26. Nb4 Bb5 27. Be2 Rc8 28. Bxb5 Qxb5 29. Qd3 Qxd3 30. Rxd3 Rd8 31. g3 g6 32. Nc6 Rdc8 33. Rxd6 Kg7 34. Nxe5 Re8 35. Nf3 Rxe4 36. Nxg5 hxg5 37. Rd4 Rxd4 38. cxd4 Kf6 39. Kf1 Ke6 40. Ke2 Kd5 41. Kd3 Rb8 42. Rxa4 Rxb2 43. Ra5+ Kd6 44. Ke3 Rb3+ 45. Ke4 Rb2 46. Ra6+ Ke7 47. Kf3 Rb3+ 48. Ke4 Rb2 49. Ra7+ Kf6 50. Kf3 Rb3+ 51. Kg4 Rb2 52. Ra6+ Ke7 53. Kxg5 Rxf2 54. h4 Rf5+ 1/2-1/2

[Event "CYCC U16"]
[Site "Edmonton CAN"]
[Date "2000.07.06"]
[Round "3"]
[White "Charter, Bennet"]
[Black "Lipnowski, Samuel"]
[Result "1/2-1/2"]
[WhiteElo "1705"]
[BlackElo "2016"]
[PlyCount "33"]
[GameId "2160767911703351"]
[EventDate "2000.07.05"]
[EventType "swiss"]
[EventRounds "6"]
[EventCountry "CAN"]

1. e4 c5 2. Nf3 e6 3. d4 cxd4 4. Nxd4 a6 5. Nc3 Qc7 6. Be3 Nf6 7. Be2 Bb4 8. Bd2 Bxc3 9. Bxc3 Nxe4 10. Bb4 Nc6 11. Nxc6 dxc6 12. Qd4 Nf6 13. O-O-O e5 14. Qc3 Be6 15. Bd6 Qb6 16. Bc5 Qc7 17. Bd6 1/2-1/2

[Event "CYCC U16"]
[Site "Edmonton CAN"]
[Date "2000.07.06"]
[Round "3"]
[White "Xia, Yanchong"]
[Black "Bachand-Fleurent, Julien"]
[Result "0-1"]
[WhiteElo "1713"]
[BlackElo "1935"]
[PlyCount "44"]
[GameId "2160767911703352"]
[EventDate "2000.07.05"]
[EventType "swiss"]
[EventRounds "6"]
[EventCountry "CAN"]

1. e4 e6 2. d4 d5 3. e5 c5 4. c3 Nc6 5. Nf3 Bd7 6. Be2 f6 7. O-O fxe5 8. Nxe5 Nxe5 9. dxe5 Qb6 10. Nd2 Nh6 11. Nf3 Nf5 12. g4 Ne7 13. Nh4 O-O-O 14. Kh1 Nc6 15. f4 g5 16. fxg5 Nxe5 17. Bf4 Bd6 18. Qc2 Bc6 19. Ng2 Qc7 20. Rad1 d4 21. cxd4 cxd4 22. Rxd4 Bxg2+ 0-1

[Event "CYCC U16"]
[Site "Edmonton CAN"]
[Date "2000.07.06"]
[Round "4"]
[White "Krys, Mark"]
[Black "Charter, Bennet"]
[Result "0-1"]
[WhiteElo "1831"]
[BlackElo "1705"]
[PlyCount "70"]
[GameId "2160767911703353"]
[EventDate "2000.07.05"]
[EventType "swiss"]
[EventRounds "6"]
[EventCountry "CAN"]

1. d4 d5 2. c4 c6 3. Nc3 e6 4. Nf3 dxc4 5. e4 b5 6. a4 Bb4 7. Bd2 a5 8. axb5 Bxc3 9. Bxc3 cxb5 10. b4 a4 11. Ra3 Bb7 12. g3 Bxe4 13. Bg2 Nf6 14. O-O Nd5 15. Re1 Nxc3 16. Rxc3 Bd5 17. Qd2 Nc6 18. Qf4 O-O 19. Qg4 a3 20. Ra1 a2 21. Qh5 h6 22. g4 Ra6 23. g5 Bxf3 24. Qxf3 Qxg5 25. Qd1 Nxb4 26. Rg3 Qf5 27. Qc1 Kh8 28. Qb2 Ra4 29. d5 Qf6 30. Qc1 Nc2 31. Rxa2 Rxa2 32. Bf1 exd5 33. Qd1 Ne3 34. Qe1 Nxf1 35. Kg2 Nxg3 0-1

[Event "CYCC U16"]
[Site "Edmonton CAN"]
[Date "2000.07.07"]
[Round "5"]
[White "Xia, Yanchong"]
[Black "Walker, Adam"]
[Result "1-0"]
[WhiteElo "1713"]
[BlackElo "1551"]
[PlyCount "81"]
[GameId "2160767911703354"]
[EventDate "2000.07.05"]
[EventType "swiss"]
[EventRounds "6"]
[EventCountry "CAN"]

1. e4 d6 2. d4 Nf6 3. Nc3 g6 4. f3 Bg7 5. Be3 O-O 6. Qd2 Nc6 7. O-O-O Nd7 8. Bc4 a6 9. Nge2 Na5 10. Bb3 b5 11. Bh6 c5 12. Bxg7 Kxg7 13. dxc5 Nxb3+ 14. cxb3 Nxc5 15. Kb1 Be6 16. Nd4 Qb6 17. h4 b4 18. Nd5 Bxd5 19. exd5 Rh8 20. h5 Rae8 21. hxg6 hxg6 22. Nf5+ Kf6 23. Qd4+ e5 24. dxe6+ Kxf5 25. Rxh8 Rxh8 26. Qxh8 Nxe6 27. Rd5+ Kf4 28. Qh4+ Ke3 29. Qe4+ Kf2 30. Rd2+ Kg3 31. Qg4+ Kh2 32. g3+ Kg1 33. f4 Qb5 34. Qd1+ Qf1 35. Qxf1+ Kxf1 36. Rxd6 Nc5 37. Rf6 Ne4 38. Rxf7 Nxg3 39. Rf6 Nh5 40. Rxg6 Nxf4 41. Rf6 1-0

[Event "CYCC U16"]
[Site "Edmonton CAN"]
[Date "2000.07.07"]
[Round "6"]
[White "Watson, Michael"]
[Black "Xia, Yanchong"]
[Result "0-1"]
[WhiteElo "1203"]
[BlackElo "1713"]
[PlyCount "88"]
[GameId "2160767911703355"]
[EventDate "2000.07.05"]
[EventType "swiss"]
[EventRounds "6"]
[EventCountry "CAN"]

1. e4 c5 2. Nf3 Nc6 3. d4 cxd4 4. Nxd4 Nf6 5. Nc3 e5 6. Nb3 Bb4 7. f3 d5 8. exd5 Nxd5 9. Bd2 Nxc3 10. Bxc3 Bxc3+ 11. bxc3 O-O 12. Qxd8 Rxd8 13. Bd3 Ne7 14. O-O-O Be6 15. Rd2 Rac8 16. Rhd1 g6 17. Be4 Rxd2 18. Rxd2 b6 19. Kb2 f5 20. Bb7 Rc7 21. Ba6 Kf7 22. Rd3 Nd5 23. a3 Nf4 24. Rd2 Rd7 25. g3 Rxd2 26. Nxd2 Nh5 27. Bc4 Bxc4 28. Nxc4 Ke6 29. Kc1 Nf6 30. Kd2 e4 31. fxe4 Nxe4+ 32. Kd3 Nf2+ 33. Ke2 Ng4 34. h3 Ne5 35. Ne3 Kd6 36. h4 Kc5 37. a4 Nc4 38. h5 Nxe3 39. hxg6 hxg6 40. Kxe3 g5 41. Kd3 f4 42. gxf4 gxf4 43. Ke4 Kc4 44. Kxf4 Kxc3 0-1

[Event "Calgary CC-ch"]
[Site "Calgary CAN"]
[Date "2000.12.05"]
[Round "6"]
[White "Pivovarov, Juraj"]
[Black "Milward, David"]
[Result "0-1"]
[WhiteElo "1848"]
[BlackElo "1678"]
[PlyCount "148"]
[GameId "2160767911635823"]
[EventDate "2000.10.31"]
[EventType "swiss"]
[EventRounds "6"]
[EventCountry "CAN"]

1. c4 g6 2. e4 Bg7 3. d4 d6 4. Nc3 Nf6 5. Bd3 O-O 6. Nge2 e5 7. d5 a5 8. O-O Nbd7 9. Bg5 h6 10. Bd2 Nc5 11. Bc2 Bd7 12. a3 a4 13. Be3 Ne8 14. Bxc5 dxc5 15. Nxa4 b6 16. Nac3 Nd6 17. Bd3 f5 18. f3 f4 19. Qe1 g5 20. g3 g4 21. Kg2 Qc8 22. Ng1 h5 23. Rf2 Nf7 24. Kf1 Ng5 25. Ke2 fxg3 26. hxg3 gxf3+ 27. Kd2 Bg4 28. Kc2 Nh3 29. Nxh3 Bxh3 30. Qh1 Qg4 31. Qh2 Bg2 32. Nd1 Bh6 33. Qh4 Qxh4 34. gxh4 Bf4 35. Bf1 Bg3 36. Rxg2 fxg2 37. Bxg2 Bxh4 38. Ne3 Bg3 39. Bh3 Rf3 40. Be6+ Kf8 41. Nf5 h4 42. Rh1 Ra4 43. d6 cxd6 44. Rd1 h3 45. Rxd6 Ra8 46. Rd7 Rxf5 47. Bxf5 h2 48. Rd1 Ke7 49. Kb3 Rd8 50. Rh1 Rg8 51. Ka4 Bf4 52. Kb5 Rg1 53. Rxh2 Bxh2 54. Kxb6 Rg2 55. b4 cxb4 56. axb4 Bg1+ 57. c5 Rb2 58. Kb5 Kd8 59. Be6 Bf2 60. Kc4 Kc7 61. Bd5 Be1 62. b5 Rc2+ 63. Kd3 Rxc5 64. Bc6 Rxc6 65. bxc6 Kxc6 66. Kc4 Kd6 67. Kb5 Ke6 68. Kc4 Kf6 69. Kd3 Kg5 70. Ke3 Kg4 71. Ke2 Bc3 72. Ke3 Bd4+ 73. Ke2 Kf4 74. Kd3 Kf3 0-1

[Event "Calgary Over 1800"]
[Site "Calgary CAN"]
[Date "2000.06.13"]
[Round "3"]
[White "Milne, Arthur"]
[Black "Miller, Brian"]
[Result "1-0"]
[WhiteElo "1934"]
[BlackElo "1827"]
[PlyCount "59"]
[GameId "2160767911711779"]
[EventDate "2000.05.30"]
[EventType "swiss"]
[EventRounds "5"]
[EventCountry "CAN"]
[SourceTitle "CFC 2000.06"]
[Source "CFC"]
[SourceDate "2000.06.??"]
[SourceVersionDate "2000.06.??"]
[SourceQuality "1"]

1. c4 c5 2. Nf3 Nf6 3. d4 cxd4 4. Nxd4 Nc6 5. Nc3 g6 6. g3 Bg7 7. Bg2 O-O 8. O-O a6 9. Bg5 h6 10. Bxf6 Bxf6 11. e3 Nxd4 12. exd4 Qb6 13. Qe2 e6 14. d5 Rb8 15. Ne4 Qxb2 16. Qe3 Bd4 17. Qxh6 Bg7 18. Qe3 Qd4 19. Qe2 exd5 20. cxd5 b5 21. Rad1 Qa7 22. Rc1 b4 23. d6 a5 24. Rc7 Qb6 25. Rd1 Ba6 26. Qg4 Rfd8 27. Nc5 Bb5 28. Rxd7 f5 29. Qxg6 Rxd7 30. Bd5+ 1-0

[Event "Calgary-Tch"]
[Site "Calgary CAN"]
[Date "2000.04.25"]
[Round "3"]
[White "McKay, Tom"]
[Black "Borowski, Ted"]
[Result "1-0"]
[WhiteElo "1690"]
[BlackElo "1637"]
[PlyCount "57"]
[GameId "2160767911724685"]
[EventDate "2000.04.11"]
[EventType "team"]
[EventRounds "5"]
[EventCountry "CAN"]

1. e4 c5 2. Nf3 g6 3. d4 Nf6 4. Nc3 d5 5. e5 Nfd7 6. Bf4 e6 7. Be2 Qb6 8. Rb1 a6 9. O-O Nc6 10. Na4 Qa7 11. c3 cxd4 12. cxd4 b5 13. Nc3 Bg7 14. Be3 O-O 15. Qd2 Qc7 16. Rbc1 Bb7 17. Rfe1 Rac8 18. Bf1 Nb6 19. b3 Nd7 20. Bh6 f6 21. Bxg7 Kxg7 22. exf6+ Rxf6 23. Ng5 Qd6 24. Qe3 Nf8 25. g3 Re8 26. f4 Qb4 27. Nxd5 Qd6 28. Nxf6 Kxf6 29. Ne4+ 1-0

[Event "Calgary-Tch"]
[Site "Calgary CAN"]
[Date "2000.04.25"]
[Round "3"]
[White "Smith, Mike"]
[Black "Valeroso, Bert"]
[Result "0-1"]
[WhiteElo "1646"]
[BlackElo "1662"]
[PlyCount "93"]
[GameId "2160767911724686"]
[EventDate "2000.04.11"]
[EventType "team"]
[EventRounds "5"]
[EventCountry "CAN"]

1. b4 e5 2. a3 d5 3. Bb2 f6 4. e3 Ne7 5. c4 Be6 6. Qc2 Nbc6 7. Nf3 g5 8. d4 Bf5 9. Qb3 e4 10. Nfd2 h5 11. Nc3 Be6 12. cxd5 Nxd5 13. Ndxe4 f5 14. Nxg5 Qxg5 15. Nxd5 O-O-O 16. Nb6+ axb6 17. Qxe6+ Kb8 18. d5 Rh6 19. Qf7 Na7 20. Be5 Bd6 21. f4 Qg6 22. Qxg6 Rxg6 23. Rd1 Re8 24. Bc3 Rxe3+ 25. Kd2 Bxf4 26. Kc2 Be5 27. Bxe5 Rxe5 28. g3 b5 29. Kc1 Rd6 30. Bg2 Nc8 31. Bf3 Re3 32. Bxh5 Rxa3 33. g4 fxg4 34. Bxg4 Nb6 35. Rhe1 Ra2 36. h3 Nxd5 37. Re8+ Ka7 38. Re6 Ra1+ 39. Kd2 Rxd1+ 40. Kxd1 Rd8 41. Kc1 Nxb4 42. Re7 Nd5 43. Re5 Kb6 44. h4 c6 45. h5 Rh8 46. Re6 Nf4 47. Re5 0-1

[Event "Calgary-ch"]
[Site "Calgary CAN"]
[Date "2000.03.07"]
[Round "7"]
[White "Nazarian, Farzan"]
[Black "Milne, Arthur"]
[Result "0-1"]
[WhiteElo "2070"]
[BlackElo "1934"]
[PlyCount "70"]
[GameId "2160767911741470"]
[EventDate "2000.01.25"]
[EventType "tourn"]
[EventRounds "7"]
[EventCountry "CAN"]
[SourceTitle "CFC 2000.04"]
[Source "CFC"]
[SourceDate "2000.04.??"]
[SourceVersionDate "2000.04.??"]
[SourceQuality "1"]

1. e4 e6 2. d4 d5 3. exd5 exd5 4. Bd3 Nc6 5. c3 Bd6 6. f4 Nge7 7. Nf3 Bg4 8. O-O f5 9. Qe1 Bxf3 10. Rxf3 Qd7 11. Nd2 O-O 12. Rf1 Ng6 13. g3 Rae8 14. Qd1 Nd8 15. Nf3 c5 16. Ne5 Qc7 17. Qh5 Ne7 18. Bd2 g6 19. Qf3 Ne6 20. Be3 Rb8 21. Rac1 b5 22. b3 c4 23. Bc2 Qa5 24. Nd7 Qxa2 25. bxc4 bxc4 26. Nxf8 Kxf8 27. g4 Ba3 28. Bb1 Qb3 29. Rce1 Qxc3 30. gxf5 Nxd4 31. Qh3 gxf5 32. Qh6+ Kg8 33. Kh1 Rb6 34. Rg1+ Rg6 35. Bxd4 Qf3+ 0-1

[Event "Canada Day Pre-op"]
[Site "Calgary CAN"]
[Date "2000.06.17"]
[Round "1"]
[White "Flemming, Jim"]
[Black "MacFie, Bob"]
[Result "1-0"]
[WhiteElo "2002"]
[BlackElo "1651"]
[PlyCount "67"]
[GameId "2160767911703451"]
[EventDate "2000.06.16"]
[EventType "swiss"]
[EventRounds "5"]
[EventCountry "CAN"]

1. d4 f5 2. Nf3 Nf6 3. g3 g6 4. Bg2 Bg7 5. O-O O-O 6. c4 d6 7. Nc3 Qe8 8. Bg5 Na6 9. Qd2 Qf7 10. d5 Re8 11. Nd4 Rb8 12. Rae1 Nc5 13. Bxf6 Qxf6 14. Ndb5 e5 15. Nxc7 Re7 16. Ne6 Bxe6 17. dxe6 Rbe8 18. Nd5 Qxe6 19. Nxe7+ Qxe7 20. b4 Ne6 21. Bd5 Kh8 22. Bxe6 Qxe6 23. Qd5 Qe7 24. e4 f4 25. Qd3 Rf8 26. Rd1 Rf6 27. c5 f3 28. g4 Qd7 29. h3 Rf4 30. Qxd6 Rxg4+ 31. Kh1 Rg1+ 32. Kxg1 Qxh3 33. Qd8+ Bf8 34. Qxf8# 1-0

[Event "Capablanca"]
[Site "Charlesbourg CAN"]
[Date "2000.06.19"]
[Round "2"]
[White "Saint-Onge, Roland"]
[Black "Beaudoin, Stephane"]
[Result "1-0"]
[WhiteElo "1693"]
[BlackElo "1978"]
[PlyCount "79"]
[GameId "2160767911703475"]
[EventDate "2000.06.12"]
[EventType "swiss"]
[EventRounds "5"]
[EventCountry "CAN"]

1. e4 g6 2. d4 Bg7 3. Nf3 d6 4. Bc4 e6 5. O-O Ne7 6. c3 O-O 7. Re1 c6 8. Bb3 h6 9. Nbd2 Nd7 10. Nf1 d5 11. e5 c5 12. Qe2 a5 13. Be3 b6 14. g4 Ba6 15. Qd2 Bxf1 16. Rxf1 Kh7 17. Ba4 Rc8 18. Bb5 c4 19. Qc2 Rh8 20. h4 Kg8 21. Qa4 Nf8 22. h5 gxh5 23. gxh5 Nf5 24. Kh1 Nh4 25. Nh2 Nf5 26. Qd1 Nh7 27. Rg1 Nxe3 28. fxe3 Ng5 29. Qg4 Rh7 30. Ba4 Bf8 31. Qf4 Kh8 32. Rg4 f5 33. exf6 Bd6 34. Qf1 Ne4 35. Bc2 Ng3+ 36. Rxg3 Bxg3 37. Bxh7 Kxh7 38. Qg2 Qd6 39. Qc2+ Kh8 40. Qg6 1-0

[Event "Carnaval"]
[Site "Quebec CAN"]
[Date "2000.02.04"]
[Round "1"]
[White "Auger, Bertrand"]
[Black "Papineau (Granby), Daniel"]
[Result "1-0"]
[WhiteElo "2060"]
[BlackElo "1779"]
[PlyCount "59"]
[GameId "2160767911741439"]
[EventDate "2000.02.04"]
[EventType "swiss"]
[EventRounds "5"]
[EventCountry "CAN"]

1. Nf3 f5 2. b4 Nf6 3. Bb2 b6 4. g3 Bb7 5. Bg2 e6 6. b5 Be7 7. O-O O-O 8. c4 d6 9. d4 Ne4 10. Nc3 Nd7 11. Qb3 Kh8 12. a4 c5 13. e3 Bf6 14. Rfd1 Qe7 15. a5 bxa5 16. Rxa5 Ng5 17. d5 Nxf3+ 18. Bxf3 Nb6 19. Bg2 e5 20. Rda1 Bc8 21. Nb1 f4 22. Nd2 fxe3 23. Qxe3 Bg5 24. f4 Bh6 25. Qe2 Qf7 26. Ne4 exf4 27. Nxd6 Qg6 28. Qe7 Bf5 29. Rxa7 Rad8 30. Nxf5 1-0

[Event "Carnaval"]
[Site "Quebec CAN"]
[Date "2000.02.05"]
[Round "2"]
[White "Beaudry, Marc-Andre"]
[Black "Caire, Francois"]
[Result "1-0"]
[WhiteElo "2052"]
[BlackElo "1973"]
[PlyCount "133"]
[GameId "2160767911741440"]
[EventDate "2000.02.04"]
[EventType "swiss"]
[EventRounds "5"]
[EventCountry "CAN"]
[SourceTitle "mab"]

1. c4 e5 2. Nc3 Nf6 3. Nf3 Nc6 4. g3 d5 5. cxd5 Nxd5 6. Bg2 Nb6 7. O-O Be7 8. d3 O-O 9. a3 a5 10. Be3 Be6 11. Rc1 f5 12. Na4 Nxa4 13. Qxa4 g5 14. Rxc6 bxc6 15. Nxe5 Bf6 16. Qxc6 Re8 17. Qxa8 Qxa8 18. Bxa8 Rxa8 19. Bd4 Bxe5 20. Bxe5 c6 21. Rc1 Bd7 22. a4 Kf7 23. Rc5 Ke6 24. Bc3 Kd6 25. Rxa5 Rxa5 26. Bxa5 c5 27. Bd8 g4 28. a5 Bb5 29. Kf1 Ke5 30. Ke1 c4 31. Kd2 cxd3 32. exd3 Ba6 33. Kc3 Kd5 34. Bb6 Bb5 35. d4 Ba6 36. Kb4 Kc6 37. Bd8 Kd5 38. Kc3 Ke4 39. Bb6 Kd5 40. Kd2 Ke4 41. b3 Bb5 42. Kc3 Ba6 43. Bc5 Kd5 44. Ba7 Ke4 45. Kb4 Kd5 46. Ka3 Bf1 47. Ka4 Ba6 48. Kb4 Bf1 49. Kc3 Ba6 50. Kd2 Ke4 51. b4 Bc4 52. Bc5 Ba6 53. Bb6 Bc4 54. Ba7 Ba6 55. d5 Kxd5 56. Ke3 Kc6 57. Kf4 Bd3 58. Bc5 Kb5 59. Kg5 Ka6 60. Kh6 Kb5 61. Kxh7 Be4 62. Kh6 Ka6 63. Kg5 Kb5 64. Kf4 Ka6 65. f3 Bxf3 66. Kxf5 Bd1 67. Kg5 1-0